|
|
|
|
| LEADER |
00000nam0a2200000 4500 |
| 001 |
305381 |
| 005 |
20231102001808.0 |
| 035 |
|
|
|a (RuTPU)RU\TPU\book\330649
|
| 090 |
|
|
|a 305381
|
| 100 |
|
|
|a 20150925d1983 km y0rusy50 ca
|
| 101 |
0 |
|
|a rus
|
| 102 |
|
|
|a RU
|
| 105 |
|
|
|a y z 110zy
|
| 200 |
1 |
|
|a Вопросы гидрогеологии, инженерной геологии и охраны природной среды
|e тезисы докладов Всероссийской студенческой научной конференции, 19-23 апреля 1983 г., посвященной 60-летию образования СССР
|f Пермский государственный университет (ПГУ) ; под ред. И. А. Печеркина
|
| 210 |
|
|
|a Пермь
|c Изд-во Пермского ун-та
|d 1983
|
| 215 |
|
|
|a 93 с.
|
| 606 |
1 |
|
|a Гидрогеология
|2 stltpush
|3 (RuTPU)RU\TPU\subj\38647
|9 59032
|
| 606 |
1 |
|
|a Инженерная геология
|2 stltpush
|3 (RuTPU)RU\TPU\subj\12572
|9 39335
|
| 606 |
1 |
|
|a Окружающая среда в целом
|2 stltpush
|3 (RuTPU)RU\TPU\subj\38932
|9 59176
|
| 610 |
1 |
|
|a горные выработки
|
| 610 |
1 |
|
|a магнетитовые руды
|
| 610 |
1 |
|
|a карьерные поля
|
| 610 |
1 |
|
|a углеотходы
|
| 610 |
1 |
|
|a сели
|
| 610 |
1 |
|
|a ледяные пещеры
|
| 610 |
1 |
|
|a природоохранная деятельность
|
| 610 |
1 |
|
|a подземные воды
|
| 610 |
1 |
|
|a рассолы
|
| 610 |
1 |
|
|a гидрохимия
|
| 610 |
1 |
|
|a водозаборы
|
| 610 |
1 |
|
|a конференции
|
| 610 |
1 |
|
|a Пермь
|
| 675 |
|
|
|a 556.3(063)
|v 4
|
| 675 |
|
|
|a 624.131.1(063)
|v 4
|
| 675 |
|
|
|a 502(063)
|v 4
|
| 702 |
|
1 |
|a Печеркин
|b И. А.
|4 340
|
| 712 |
0 |
2 |
|a Пермский государственный университет (ПГУ)
|2 stltpush
|3 (RuTPU)RU\TPU\col\189
|
| 712 |
1 |
2 |
|a Вопросы гидрогеологии, инженерной геологии и охраны природной среды
|b конференция
|e Пермь
|f 1983
|4 570
|
| 801 |
|
1 |
|a RU
|b 63413507
|c 20150925
|
| 801 |
|
2 |
|a RU
|b 63413507
|c 20190524
|g RCR
|
| 942 |
|
|
|c BK
|